Integrace vnějších a vnitřních informačních zdrojů v průmyslových podnicích Sborník příspěvků ze semináře uspořádaného výborem FID pro průmyslové informace v Praze ve dnech 16.-17. září 1985

Guardado en:
Detalles Bibliográficos
Formato: Libro
Lenguaje:checo
Publicado: Praha Ústředí vědeckých, technických a ekonomických informací 1986
Edición:1. vyd.
Colección:Problémy teorie a praxe VTEI sv. 13
Etiquetas: Agregar Etiqueta
Sin Etiquetas, Sea el primero en etiquetar este registro!

MARC

LEADER 00000nam a2200000 4500
001 c027786
005 20250926121141.0
041 0 |a cze 
044 |a CZ 
245 1 0 |a Integrace vnějších a vnitřních informačních zdrojů v průmyslových podnicích  |b Sborník příspěvků ze semináře uspořádaného výborem FID pro průmyslové informace v Praze ve dnech 16.-17. září 1985 
250 |a 1. vyd. 
264 1 |a Praha  |b Ústředí vědeckých, technických a ekonomických informací  |c 1986 
300 |a 133 s. 
490 1 |a Problémy teorie a praxe VTEI  |v sv. 13 
830 0 |a Problémy teorie a praxe VTEI  |v sv. 13